| 000 | 01031cam a2200313 i 4500 | ||
|---|---|---|---|
| 999 |
_c200444140 _d62352 |
||
| 001 | 200444140 | ||
| 003 | TR-AnTOB | ||
| 005 | 20240810073810.0 | ||
| 007 | ta | ||
| 008 | 000201s1994 tu 000 0 tur d | ||
| 020 | _a9751909090 | ||
| 035 | _a(TR-AnTOB)200444140 | ||
| 040 |
_aTVG _beng _erda _cTVG _dOCLCQ _dBGZ _dTR-AnTOB |
||
| 041 | 0 | _atur | |
| 050 | 4 |
_aHD4276.7 _b.K55 1994 |
|
| 090 |
_aHD4276.7 _b.K55 1994 |
||
| 100 | 1 |
_aKilci, Metin _eauthor _9133063 |
|
| 245 | 1 | 0 |
_aBaşlangıcından bugüne Türkiye'de özelleştirme uygulamaları (1984-1994) / _cMetin Kilci. |
| 264 | 1 |
_aAnkara : _bYıllık Programlar ve Konjonktür Değerlendirme Genel Müdürlüğü, _c1994. |
|
| 300 |
_a60 pages ; _c24 cm |
||
| 336 |
_atext _btxt _2rdacontent |
||
| 337 |
_aunmediated _bn _2rdamedia |
||
| 338 |
_avolume _bnc _2rdacarrier |
||
| 650 | 7 |
_aÖzelleştirme _zTürkiye _2etuturkob _96512 |
|
| 710 | 2 |
_aDevlet Planlama Teşkilatı (Türkiye) _934114 |
|
| 942 |
_2lcc _cBK |
||